Red riding hood / (Record no. 6353)

MARC details
000 -LEADER
fixed length control field 00856nam a22002657a 4500
001 - CONTROL NUMBER
control field 6353
003 - CONTROL NUMBER IDENTIFIER
control field FISKH
005 - DATE AND TIME OF LATEST TRANSACTION
control field 20250423142459.0
008 - FIXED-LENGTH DATA ELEMENTS--GENERAL INFORMATION
fixed length control field 250423b cb ||||| |||| 00| 0 eng d
040 ## - CATALOGING SOURCE
Original cataloging agency FISKH
Language of cataloging eng
Transcribing agency FISKH
Modifying agency FISKH
050 ## - LIBRARY OF CONGRESS CALL NUMBER
Classification number PZ8.M4327 R
082 ## - DEWEY DECIMAL CLASSIFICATION NUMBER
Classification number 398.2094302
100 ## - MAIN ENTRY--PERSONAL NAME
Personal name Marshall, James
245 ## - TITLE STATEMENT
Title Red riding hood /
Statement of responsibility, etc. Retold and illustrated by James Marshall
250 ## - EDITION STATEMENT
Edition statement First Scholastic printing, December 1991
260 ## - PUBLICATION, DISTRIBUTION, ETC.
Place of publication, distribution, etc. New York :
Name of publisher, distributor, etc. Scholastic,
Date of publication, distribution, etc. 1987
300 ## - PHYSICAL DESCRIPTION
Extent 30 unnumbered pages :
Other physical details color illustrations ;
Dimensions 27 cm
505 ## - FORMATTED CONTENTS NOTE
Formatted contents note L<br/>
520 ## - SUMMARY, ETC.
Summary, etc. A little girl meets a hungry wolf in the forest on her way to visit her grandmother.
521 8# - TARGET AUDIENCE NOTE
Target audience note 520<br/>
Source Lexile <br/>
521 8# - TARGET AUDIENCE NOTE
Target audience note L<br/>
Source Raz-Plus<br/>
650 ## - SUBJECT ADDED ENTRY--TOPICAL TERM
Topical term or geographic name entry element Fairy Tales and Fables
Form subdivision Wolves
General subdivision Stranger Danger
942 ## - ADDED ENTRY ELEMENTS (KOHA)
Source of classification or shelving scheme Dewey Decimal Classification
Koha item type Books
Suppress in OPAC No
Holdings
Withdrawn status Lost status Source of classification or shelving scheme Damaged status Not for loan Collection Home library Current library Shelving location Date acquired Total Checkouts Full call number Barcode Date due Date last seen Date last checked out Copy number Price effective from Koha item type
    Dewey Decimal Classification     Juvenile Fiction Footprints International School Library Network Toul Kork Campus Footprints International School Library Network Toul Kork Campus TK Primary Library Room(4th Floor), Bookcase 3&4, Shelves 17-32, Yellow Books 04/23/2025 1 MAS 398.2094302 PZ8.M4327 R FISBK00630 04/08/2026 03/25/2026 03/25/2026 1 04/23/2025 Books
    Dewey Decimal Classification     Juvenile Fiction Footprints International School Library Network Toul Kork Campus Footprints International School Library Network Toul Kork Campus TK Primary Library Room(4th Floor), Bookcase 3&4, Shelves 17-32, Yellow Books 04/23/2025   MAS 398.2094302 PZ8.M4327 R FISTK02580   04/23/2025   2 04/23/2025 Books
    Dewey Decimal Classification     Juvenile Fiction Footprints International School Library Network Toul Kork Campus Footprints International School Library Network Toul Kork Campus TK Primary Library Room(4th Floor), Bookcase 3&4, Shelves 17-32, Yellow Books 04/23/2025 1 MAS 398.2094302 PZ8.M4327 R FISBK00631   06/09/2025 05/02/2025 3 04/23/2025 Books